000 00344nam a2200145Ia 4500
008 191201s2008 xx 000 0 und d
082 _a621.3
_bLED
100 _aLEACH, Donald P
245 0 _aDigital Principles and Application
250 _aRep.
260 _aN.Delhi
_bTMH
_c2008
300 _a683
650 _aB.Tech(ECE)
942 _2ddc
_cBK
999 _c3817
_d3817